000 00641nam a2200241 i 4500
001 C2-0344764
003 PPAK
005 20180728145509.0
008 180113s2016 ii |||| ||||| | tam d
020 _a9789385104459
040 _aPPAK
_beng
_cPPAK
_erda
082 0 4 _a894.8113
_223
090 0 0 _a894.8113
_bMUR
_dG
100 1 _aMurugesan, Puliyur,
_eauthor
245 1 0 _aUdal aayutham
264 1 _aChennai, India :
_bUyirmai Pathippagam ,
_c2016
300 _a190 pages ;
_c22 cm
336 _2rdacontent
_atext
337 _2rdamedia
_aunmediated
338 _2rdacarrier
_avolume
650 1 0 _aTamil fiction.
942 _ddc
_cB
999 _c141329
_d141329